000 01929cam a22005414i 4500
003 PE-LiUPU
005 20250731165510.0
008 150625s2006 r 000 0 d
020 _a9786073215114
035 _a(Sirsi) a241148
040 _aPE-LiUPU
_bspa
_cPE-LiUPU
_erda
049 _aPRUA
082 0 4 _a003.35369
_bG25
_221
100 1 _aGarcía Dunna, Eduardo,
_eautor.
245 1 0 _aSimulación y análisis de sistemas con ProModel /
_cEduardo García Dunna, Heriberto García Reyes, Leopoldo Eduardo Cárdenas Barrón.
250 _a2a edición.
264 1 _aMéxico :
_bPearson Educación,
_c2013.
300 _a346 páginas :
_bilustraciones ;
_c23 centímetros
300 _a1 CD-ROM
336 _atext
_2rdacontent
337 _aunmediated
_2rdamedia
338 _avolume
_2rdacarrier
505 0 _aPrincipios básicos de la simulación -- Números pseudo aleatorios -- Varialbles aleatorias -- Simulación de variables aleatorias -- Simulación con ProModel -- Instrucciones de ProModel.
526 _aSEG44
526 _aSEG26
526 _aP151
526 _aP150
526 _aP149
526 _aP146
526 _aP145
526 _aP126
526 _aP125
526 _aP92
526 _aP75
526 _aP74
526 _aP27
526 _aP15
541 _g0001-0042355;
650 0 4 _aProModel.
650 0 4 _aSimulación en computadora.
700 1 _aCárdenas Barrón, Leopoldo Eduardo,
_eautor.
700 1 _aGarcía Reyes, Heriberto,
_eautor.
910 _adbm
_bebj
_cebj
_d20180131
942 _2ddc
_cBOOK
994 _aC0
_bPEPRU
596 _a1
999 _a003.35369 G25 2013
_wDEWEY
_c26787
_i78242
_d26787
_e2018-9-17
_f2022-4-11
_g3
_lCCODEBUL1
_mBUL
_n5
_p33.91
_r1
_sY
_tBOOK
_u2018-1-31
_xINGENIERIA
_PP27
_0COMPRA
_o.STAFF. Colección Ingeniería y Arquitectura
980 _81
_gALBERTO SANCHEZ Responsable de Automatización